| 000 | 00382nam a2200145Ia 4500 | ||
|---|---|---|---|
| 008 | 220803s9999 xx 000 0 und d | ||
| 020 | _a0-262-56047-X | ||
| 041 | _aeng | ||
| 082 | _a721.044 FIT | ||
| 100 |
_aFitchen J _920882 |
||
| 245 | _aBuilding Construction Before Mechanization | ||
| 260 |
_aLondon _bMIT Press _c1999 |
||
| 300 | _a326p | ||
| 650 |
_aBuilding Technology _920883 |
||
| 999 |
_c13911 _d13911 |
||